| 000 | 00879nam a2200301 a 4500 | ||
|---|---|---|---|
| 999 |
_c200425932 _d43855 |
||
| 003 | TR-AnTOB | ||
| 005 | 20190322123537.0 | ||
| 008 | 020122s1983 tu b 000 0 tur | ||
| 040 |
_aITU _beng _cTR-AnTOB _dTR-AnTOB _erda |
||
| 041 | _atur | ||
| 049 | _aDILI | ||
| 050 | 0 | 0 |
_aPL115 _b.G85 1983 |
| 090 |
_aPL115 _b.G85 1983 |
||
| 100 | 1 |
_aGültekin, Mehmet Bedri, _d1953- |
|
| 245 | 1 | 0 |
_aTürkçenin dünü ve yarını / _cM. Bedri Gültekin. |
| 264 |
_aAnkara : _bKaynak, _c1983. |
||
| 300 |
_a101 pages _c23 cm |
||
| 336 |
_2rdacontent _atext |
||
| 337 |
_2rdamedia _aunmediated |
||
| 338 |
_2rdacarrier _avolume |
||
| 490 | 0 |
_aKaynak Yayınları ; _v16. |
|
| 504 | _aKaynakçalar var. | ||
| 590 | _aDonated by Nermin Çaker. | ||
| 650 | 0 |
_aTurkish language _y20th century. |
|
| 650 | 0 |
_aTürk dili _y20. yüzyıl. |
|
| 942 |
_2lcc _cBK |
||